Northern Ireland quarterly house price index (Record no. 119178)

MARC details
000 -LEADER
fixed length control field 01266cas a22002535 4500
001 - CONTROL NUMBER
control field L143014
008 - FIXED-LENGTH DATA ELEMENTS--GENERAL INFORMATION
fixed length control field 080401c2003 xxkqr w 0 a0eng u
020 ## - INTERNATIONAL STANDARD BOOK NUMBER
International Standard Book Number 14622351
035 ## - SYSTEM CONTROL NUMBER
System control number (Sirsi) u143014
041 0# - LANGUAGE CODE
Language code of text/sound track or separate title eng
050 ## - LIBRARY OF CONGRESS CALL NUMBER
Classification number 333.33 $2 18
110 2# - MAIN ENTRY--CORPORATE NAME
Corporate name or jurisdiction name as entry element University of Ulster
9 (RLIN) 3068
245 00 - TITLE STATEMENT
Title Northern Ireland quarterly house price index
Medium [electronic resource]
260 ## - PUBLICATION, DISTRIBUTION, ETC.
Place of publication, distribution, etc. Ulster
Name of publisher, distributor, etc. University of Ulster
Date of publication, distribution, etc. 2003-
362 0# - DATES OF PUBLICATION AND/OR SEQUENTIAL DESIGNATION
Dates of publication and/or sequential designation First Quarter 2003-
490 #0 - SERIES STATEMENT
Series statement Northern Ireland Quarterly House Price Index
Volume/sequential designation First Quarter 2003-
520 ## - SUMMARY, ETC.
Summary, etc. Provides market statistics and commentary, reporting on emerging trends and considering factors which may influence their development. Offers market performance headline figures organised by property types and by region. Presents the price index in context of the survey?s history. Considers Northern Ireland price ratios, local affordability and different price sectors of the market.
554 ## -
-- Four per year
651 #4 - SUBJECT ADDED ENTRY--GEOGRAPHIC NAME
Geographic name Northern Ireland
Chronological subdivision 2002-2007
651 #4 - SUBJECT ADDED ENTRY--GEOGRAPHIC NAME
Geographic name Northern Ireland
Chronological subdivision 2007-
690 ## - LOCAL SUBJECT ADDED ENTRY--TOPICAL TERM (OCLC, RLIN)
Topical term or geographic name as entry element PROPERTY-RESIDENTIAL PROPERTY-RESIDENTIAL PROPERTY MARKET
856 40 - ELECTRONIC LOCATION AND ACCESS
Uniform Resource Identifier <a href="https://www.engj.ulst.ac.uk/rpp-group/reports.php">https://www.engj.ulst.ac.uk/rpp-group/reports.php</a>
Public note View the reports free of charge at www.engj.ulst.ac.uk...
942 ## - ADDED ENTRY ELEMENTS (KOHA)
Suppress in OPAC 0
Holdings
Withdrawn status Lost status Source of classification or shelving scheme Damaged status Not for loan Home library Current library Shelving location Date acquired Total Checkouts Full call number Barcode Date last seen Copy number Price effective from Koha item type
    Dewey Decimal Classification     Virtual Virtual Online 01/04/2008   ONLINE PUBLICATION 143014-1001 06/08/2019 1 06/08/2019 Book